La visita en el tiempo

Furkejuvvon:
Bibliográfalaš dieđut
Váldodahkki: Uslar-Pietri, Arturo (Dahkki)
Materiálatiipa: Girji
Giella:espánnjágiella
Almmustuhtton: Barcelona Norma 1990
Ráidu:Colección La Otra Orilla
Fáttát:
Fáddágilkorat: Lasit fáddágilkoriid
Eai fáddágilkorat, Lasit vuosttaš fáddágilkora!

MARC

LEADER 00000nam a2200000 a 4500
001 UCZ2010
003 CL-VaPUC
008 950925e19900000SP |||||||||||||||||spa|d
082 0 4 |a Ve863  |b USL  |2 21 
100 0 |a Uslar-Pietri, Arturo  |e author  |9 345744 
245 1 3 |a La visita en el tiempo 
300 |a 338 p 
942 |c BK 
945 |d 19950925 00:00:00  |a rbrito 
260 |a Barcelona  |b Norma  |c 1990 
650 0 |a Novelas venezolanas  |9 312407 
583 |a last modification  |c 19950925 00:00:00  |k Rodrigo Vera 
490 0 |a Colección La Otra Orilla 
999 |c 238673  |d 238671 
952 |0 0  |1 0  |4 0  |6 VE_863_000000000000000_USL_1990  |7 0  |8 A  |9 249037  |a BIBEDU  |b BIBEDU  |d 2019-11-18  |i 3134504  |o Ve863 USL 1990  |p 3134504  |r 2019-11-18  |w 2019-11-18  |y BK  |k LIT